[Event "DEM U10/U10w 2008"]
[Site "Willingen GER"]
[Date "2008.05.15"]
[Round "8"]
[White "Hemprich, Iustus"]
[Black "Bach, Jannik"]
[Result "0-1"]
[Termination "normal"]
[Board "13"]
[WhiteElo "1184"]
[BlackElo "1642"]
[PlyCount "148"]
[BlackFideId "24615900"]
[EventCountry "GER"]
[EventRounds "11"]
[EventType "swiss"]
[EventDate "2008.05.10"]

1. e4 c6 2. d4 d5 3. Nc3 dxe4 4. Nxe4 Bf5 5. Ng3 Bg6 6. Nf3 Nd7 7. Bf4 e6 8.
Bd3 Bxd3 9. Qxd3 Ngf6 10. O-O Be7 11. c4 O-O 12. Rad1 h6 13. Rfe1 Bb4 14. Re2
Ba5 15. Qb3 Qc8 16. Bd6 Re8 17. Bb4 Bxb4 18. Qxb4 Qc7 19. Rde1 Rad8 20. Qc3 a6
21. b3 b6 22. Kf1 a5 23. a3 Kf8 24. b4 Ra8 25. Qb2 Kg8 26. Qc3 axb4 27. axb4
Ra7 28. Re3 Rea8 29. Nd2 Ng4 30. Re4 Ngf6 31. R4e3 Ra2 32. h3 Kh7 33. Qd3+ Kg8
34. Qc3 Kf8 35. R3e2 Kg8 36. Nf3 Rxe2 37. Rxe2 Qa7 38. Kg1 Qa1+ 39. Qxa1 Rxa1+
40. Re1 Rxe1+ 41. Nxe1 g6 42. Kf1 e5 43. Nc2 Ne8 44. Ke2 Nd6 45. Kd3 f5 46. f3
Kf7 47. c5 bxc5 48. bxc5 Nb5 49. Ne2 exd4 50. Ncxd4 Nxc5+ 51. Kc4 Nxd4 52. Nxd4
Ne6 53. Nxc6 Nf4 54. Ne5+ Kg7 55. Kd4 Nxg2 56. Nd3 Kf6 57. Kc3 g5 58. Kd2 h5
59. Ke2 h4 60. Kf2 Nf4 61. Nxf4 gxf4 62. Kg2 Ke5 63. Kf2 Kd4 64. Ke2 Kc3 65.
Ke1 Kd3 66. Kf2 Kd2 67. Kg2 Ke2 68. Kg1 Kxf3 69. Kf1 Kg3 70. Kg1 f3 71. Kh1 Kf2
72. Kh2 Ke1 73. Kg1 f2+ 74. Kh2 f4 0-1

[Event "DEM U10/U10w 2008"]
[Site "Willingen GER"]
[Date "2008.05.15"]
[Round "8"]
[White "Xiong, Ferdinand"]
[Black "Dresig, Moritz"]
[Result "1-0"]
[Termination "normal"]
[Board "14"]
[WhiteElo "1500"]
[BlackElo "1181"]
[PlyCount "141"]
[WhiteFideId "24654132"]
[BlackFideId "1270307"]
[EventCountry "GER"]
[EventRounds "11"]
[EventType "swiss"]
[EventDate "2008.05.10"]

1. e4 e5 2. f4 exf4 3. Nf3 Nf6 4. Nc3 d6 5. Bc4 g6 6. O-O Bg7 7. d3 Nc6 8. Bxf4
O-O 9. Qe1 Nd7 10. Bg5 Qe8 11. a3 Nde5 12. Ba2 Nxf3+ 13. Rxf3 Nd4 14. Rf2 Ne6
15. Bf6 Bxf6 16. Rxf6 Qe7 17. Nd5 Qd8 18. Qf2 Ng7 19. Rxf7 Rxf7 20. Nf6+ Kf8
21. Nxh7+ Kg8 22. Nf6+ Kf8 23. Bxf7 Kxf7 24. Rf1 Bf5 25. Ng4 Qg5 26. h3 Rh8 27.
exf5 gxf5 28. Qxa7 Kg6 29. Nf2 Ne6 30. Qxb7 Nf4 31. Qf3 Re8 32. Ng4 Ne2+ 33.
Kh2 Re7 34. Nf2 Re3 35. Qd5 Qf4+ 36. Kh1 Ng3+ 37. Kg1 Nxf1 38. Kxf1 Re8 39. g4
fxg4 40. hxg4 Rf8 41. Qe4+ Qxe4 42. dxe4 Kg5 43. Ke2 Rb8 44. b3 Kf4 45. Kd3 Kf3
46. Nd1 Kxg4 47. Ne3+ Kf4 48. Nd5+ Ke5 49. Nxc7 Rc8 50. Nd5 Ra8 51. a4 Rg8 52.
a5 Rg3+ 53. Kc4 Kxe4 54. a6 Rg1 55. b4 Ra1 56. b5 Ra4+ 57. Kb3 Ra5 58. Nc7 d5
59. b6 Ra1 60. a7 Rb1+ 61. Ka2 Rc1 62. Kb2 Rxc2+ 63. Kxc2 d4 64. a8=Q+ Ke3 65.
b7 Ke2 66. Qe8+ Kf3 67. b8=Q d3+ 68. Kxd3 Kf2 69. Qe4 Kf1 70. Qg8 Kf2 71. Qgg2#
1-0

[Event "DEM U10/U10w 2008"]
[Site "Willingen GER"]
[Date "2008.05.15"]
[Round "8"]
[White "Gheng, Christian"]
[Black "Wiesner, Paula"]
[Result "1/2-1/2"]
[Termination "normal"]
[Board "15"]
[WhiteElo "1177"]
[BlackElo "1364"]
[PlyCount "92"]
[WhiteFideId "24660345"]
[BlackFideId "24654019"]
[EventCountry "GER"]
[EventRounds "11"]
[EventType "swiss"]
[EventDate "2008.05.10"]

1. e4 e5 2. Nf3 Nf6 3. Nxe5 d6 4. Nf3 Nxe4 5. Nc3 Nxc3 6. dxc3 Be7 7. Be3 O-O
8. Qd2 Be6 9. O-O-O d5 10. Bd3 c5 11. h4 Qa5 12. a3 b5 13. Bh6 Nd7 14. Rde1 b4
15. cxb4 cxb4 16. Bf4 Qa4 17. Bxh7+ Kxh7 18. Ng5+ Bxg5 19. hxg5+ Kg8 20. Qe3
Rfc8 21. Re2 Bf5 22. b3 Qxa3+ 23. Kd1 Qa1+ 24. Qc1 Qxc1+ 25. Bxc1 g6 26. Re3
Kg7 27. Rh4 a5 28. g4 Bxc2+ 29. Kd2 Bb1 30. Reh3 Rh8 31. Bb2+ f6 32. gxf6+ Nxf6
33. Bxf6+ Kxf6 34. Rxh8 Rxh8 35. Rxh8 a4 36. bxa4 b3 37. Kc3 Ba2 38. Kb2 d4 39.
Rd8 Ke5 40. f3 Kf4 41. Rxd4+ Kxf3 42. Rb4 g5 43. Rd4 Kg3 44. Re4 Kf3 45. Rd4
Kg3 46. Rb4 Kf2 1/2-1/2

[Event "DEM U10/U10w 2008"]
[Site "Willingen GER"]
[Date "2008.05.15"]
[Round "8"]
[White "Schmid, Floyd"]
[Black "Bardosch, Karl"]
[Result "1/2-1/2"]
[Termination "normal"]
[Board "16"]
[WhiteElo "1156"]
[BlackElo "1274"]
[PlyCount "64"]
[WhiteFideId "24686069"]
[BlackFideId "24696480"]
[EventCountry "GER"]
[EventRounds "11"]
[EventType "swiss"]
[EventDate "2008.05.10"]

1. e4 c5 2. Nf3 d6 3. d4 cxd4 4. Nxd4 Nf6 5. Nc3 g6 6. Be3 Bg7 7. f3 O-O 8. Bc4
Nc6 9. Bb3 Bd7 10. Qd2 Rc8 11. O-O-O Qa5 12. Kb1 Nxd4 13. Bxd4 Rc7 14. g4 e6
15. g5 Nh5 16. Bxg7 Nxg7 17. Qxd6 Rd8 18. Rd2 Rcc8 19. Qe7 Bc6 20. Rhd1 Re8 21.
Qf6 a6 22. Ne2 Nh5 23. Qd4 Qxg5 24. Rg1 Qh6 25. Ng3 Nxg3 26. hxg3 Qg5 27. Rh2
Rcd8 28. Qc3 h5 29. g4 Re7 30. a4 Red7 31. Rhh1 Kf8 32. gxh5 Qd2 1/2-1/2

[Event "DEM U10/U10w 2008"]
[Site "Willingen GER"]
[Date "2008.05.15"]
[Round "8"]
[White "Palm, Sören"]
[Black "Greßmann, Moritz"]
[Result "1/2-1/2"]
[Termination "normal"]
[Board "17"]
[WhiteElo "1261"]
[BlackElo "1172"]
[PlyCount "79"]
[WhiteFideId "12925853"]
[BlackFideId "24695084"]
[EventCountry "GER"]
[EventRounds "11"]
[EventType "swiss"]
[EventDate "2008.05.10"]

1. e4 e5 2. d4 Nc6 3. Nf3 exd4 4. Nxd4 Bc5 5. c3 Nf6 6. Nxc6 bxc6 7. Bd3 d6 8.
h3 Bd7 9. O-O Bb6 10. Re1 Be6 11. Bg5 h6 12. Bh4 g5 13. Bg3 g4 14. h4 Nh5 15.
Kh2 Qf6 16. Qe2 Nf4 17. Bxf4 Qxf4+ 18. g3 Qxf2+ 19. Qxf2 Bxf2 20. Re2 Bc5 21.
Nd2 Rb8 22. Nc4 d5 23. exd5 cxd5 24. Ne5 O-O 25. Rf1 Rb6 26. b3 Kg7 27. Kg2 Re8
28. Nxg4 d4 29. c4 Bd7 30. Rxe8 Bxe8 31. Kf2 h5 32. Nh2 Rf6+ 33. Ke2 Rxf1 34.
Nxf1 Kf6 35. Kf3 Bc6+ 36. Be4 Bxe4+ 37. Kxe4 Ke6 38. Nd2 f5+ 39. Kf4 Kf6 40.
Nf1 1/2-1/2

[Event "DEM U10/U10w 2008"]
[Site "Willingen GER"]
[Date "2008.05.15"]
[Round "8"]
[White "Reimers, Juri"]
[Black "Mager, Denis"]
[Result "1/2-1/2"]
[Termination "normal"]
[Board "18"]
[WhiteElo "1207"]
[BlackElo "1145"]
[PlyCount "80"]
[WhiteFideId "24661511"]
[BlackFideId "24691127"]
[EventCountry "GER"]
[EventRounds "11"]
[EventType "swiss"]
[EventDate "2008.05.10"]

1. e4 e5 2. Nf3 Nc6 3. Bc4 Nf6 4. Nc3 Bc5 5. O-O O-O 6. d3 d6 7. Bg5 h6 8. Be3
Bb6 9. Bxb6 axb6 10. h3 Be6 11. Bb3 Na5 12. Bxe6 fxe6 13. Re1 Nc6 14. Qd2 Nd4
15. Nxd4 exd4 16. Ne2 e5 17. Rf1 c5 18. f4 Nd7 19. Ng3 Qe7 20. f5 Nf6 21. b3 b5
22. c4 b4 23. Qb2 Ra6 24. a3 bxa3 25. Rxa3 Rfa8 26. Rfa1 Qf7 27. b4 Qc7 28. b5
Rxa3 29. Rxa3 Rxa3 30. Qxa3 Kh7 31. Qa7 Ne8 32. Kf2 b6 33. Qxc7 Nxc7 34. Kf3
Kg8 35. Nh5 Ne8 36. g4 Nf6 37. Nxf6+ gxf6 38. h4 Kg7 39. g5 h5 40. Kg3 Kf7
1/2-1/2

[Event "DEM U10/U10w 2008"]
[Site "Willingen GER"]
[Date "2008.05.15"]
[Round "8"]
[White "Wenzke, Tim"]
[Black "Nobis, Anna"]
[Result "1-0"]
[Termination "normal"]
[Board "19"]
[WhiteElo "1129"]
[BlackElo "1189"]
[PlyCount "57"]
[BlackFideId "1270302"]
[EventCountry "GER"]
[EventRounds "11"]
[EventType "swiss"]
[EventDate "2008.05.10"]

1. d4 d5 2. Bf4 c6 3. e3 e6 4. Bd3 Nf6 5. Nf3 Be7 6. c3 O-O 7. Nbd2 Nbd7 8. Qc2
b6 9. Ng5 h6 10. Ngf3 Bb7 11. h3 c5 12. g4 c4 13. Be2 Nh7 14. h4 Rc8 15. g5 h5
16. Rg1 f5 17. gxf6 Ndxf6 18. Bh6 Ng4 19. Qg6 Bf6 20. Ng5 Rf7 21. Qxf7+ Kh8 22.
Qg6 Kg8 23. Bxg4 hxg4 24. Rxg4 Nf8 25. Qf7+ Kh8 26. Qxb7 Rc7 27. Nf7+ Rxf7 28.
Qxf7 Qe7 29. Bxg7+ 1-0

[Event "DEM U10/U10w 2008"]
[Site "Willingen GER"]
[Date "2008.05.15"]
[Round "8"]
[White "Baskin, Robert"]
[Black "Wanner, Lukas"]
[Result "1-0"]
[Termination "normal"]
[Board "20"]
[WhiteElo "1186"]
[BlackElo "1001"]
[PlyCount "69"]
[WhiteFideId "24662402"]
[BlackFideId "12918148"]
[EventCountry "GER"]
[EventRounds "11"]
[EventType "swiss"]
[EventDate "2008.05.10"]

1. e4 e5 2. Nf3 Nc6 3. Bb5 a6 4. Ba4 b5 5. Bb3 Nf6 6. d3 d5 7. exd5 Nxd5 8. Ng5
f6 9. Qf3 fxg5 10. Bxd5 Ne7 11. Bxa8 g4 12. Bc6+ Bd7 13. Bxd7+ Qxd7 14. Qd1 Nd5
15. O-O Qf5 16. Nc3 Nf4 17. Bxf4 exf4 18. Qe2+ Kf7 19. Rae1 Bd6 20. Qe4 Qh5 21.
Qd5+ Qxd5 22. Nxd5 c6 23. Nc3 f3 24. gxf3 gxf3 25. Re3 g5 26. Rxf3+ Ke7 27.
Re1+ Kd8 28. Rf7 h5 29. Re6 Bb8 30. Rxc6 Re8 31. Ne4 Be5 32. Rxa6 Kc8 33. Ra8+
Bb8 34. Nd6+ Kd8 35. Rxb8# 1-0

[Event "DEM U10/U10w 2008"]
[Site "Willingen GER"]
[Date "2008.05.15"]
[Round "8"]
[White "Titgemeyer, Eva Maria"]
[Black "Berkov, Mikhail"]
[Result "1/2-1/2"]
[Termination "normal"]
[Board "21"]
[WhiteElo "1180"]
[BlackElo "1402"]
[PlyCount "43"]
[WhiteFideId "24655350"]
[BlackFideId "24678783"]
[EventCountry "GER"]
[EventRounds "11"]
[EventType "swiss"]
[EventDate "2008.05.10"]

1. e4 e5 2. Nf3 Nc6 3. Bc4 Bc5 4. c3 Nf6 5. d4 exd4 6. cxd4 Bb4+ 7. Bd2 Bxd2+
8. Nbxd2 d5 9. exd5 Nxd5 10. Qb3 Nce7 11. O-O O-O 12. Rfe1 Rb8 13. Rac1 h6 14.
Qd3 Nf6 15. Bb3 c6 16. Bc2 Bf5 17. Qe3 Ned5 18. Qe5 Bxc2 19. Rxc2 Re8 20. Qg3
Rxe1+ 21. Nxe1 Qc7 22. Qxc7 1/2-1/2

[Event "DEM U10/U10w 2008"]
[Site "Willingen GER"]
[Date "2008.05.15"]
[Round "8"]
[White "Engert, Marvin"]
[Black "Truong, Van Trang"]
[Result "1-0"]
[Termination "normal"]
[Board "23"]
[WhiteElo "1271"]
[BlackElo "950"]
[PlyCount "63"]
[WhiteFideId "12901164"]
[EventCountry "GER"]
[EventRounds "11"]
[EventType "swiss"]
[EventDate "2008.05.10"]

1. e4 e5 2. Nf3 d6 3. Nc3 Be7 4. d4 Nd7 5. d5 Ngf6 6. Bd3 O-O 7. O-O h6 8. Be3
c6 9. Qd2 Kh7 10. h3 Qc7 11. Nh2 Nb6 12. Kh1 Bd7 13. f4 Rae8 14. Rf3 c5 15. f5
c4 16. Be2 Na4 17. Ng4 Nxc3 18. Nxf6+ Bxf6 19. Qxc3 b5 20. Qd2 a6 21. h4 Rc8
22. c3 a5 23. a3 Qb7 24. g4 Kg8 25. Rg1 Rfe8 26. g5 hxg5 27. Bxg5 Bxg5 28. Qxg5
Kf8 29. f6 gxf6 30. Qg7+ Ke7 31. Qxf6+ Kf8 32. Qxf7# 1-0

[Event "DEM U10/U10w 2008"]
[Site "Willingen GER"]
[Date "2008.05.15"]
[Round "8"]
[White "Baberz, Alexander"]
[Black "Birnkraut, Tim"]
[Result "0-1"]
[Termination "normal"]
[Board "24"]
[WhiteElo "984"]
[BlackElo "1235"]
[PlyCount "60"]
[WhiteFideId "12921734"]
[BlackFideId "24609587"]
[EventCountry "GER"]
[EventRounds "11"]
[EventType "swiss"]
[EventDate "2008.05.10"]

1. d4 d5 2. c4 e5 3. dxe5 d4 4. Nf3 Nc6 5. e3 Bb4+ 6. Bd2 dxe3 7. fxe3 Bxd2+ 8.
Nbxd2 Bg4 9. h3 Bh5 10. Qb3 Rb8 11. Be2 Nge7 12. O-O O-O 13. Rfe1 Nf5 14. g4
Bg6 15. gxf5 Bxf5 16. Kh2 Qd7 17. Bf1 f6 18. Qc3 fxe5 19. Rad1 Qe7 20. Bd3 e4
21. Nxe4 Bxe4 22. Bxe4 Qxe4 23. Rg1 Qe7 24. Rxg7+ Qxg7 25. Rg1 Qxg1+ 26. Nxg1
Rf7 27. Qc2 Rbf8 28. Qg2+ Rg7 29. Qd5+ Kh8 30. h4 Rf2+ 0-1

[Event "DEM U10/U10w 2008"]
[Site "Willingen GER"]
[Date "2008.05.15"]
[Round "8"]
[White "Hartge, Gedeon"]
[Black "Weber, Sandra"]
[Result "1-0"]
[Termination "normal"]
[Board "25"]
[WhiteElo "1064"]
[BlackElo "1195"]
[PlyCount "39"]
[WhiteFideId "12932116"]
[BlackFideId "1270049"]
[EventCountry "GER"]
[EventRounds "11"]
[EventType "swiss"]
[EventDate "2008.05.10"]

1. d4 Nf6 2. c4 e6 3. Nf3 d5 4. Bg5 Bb4+ 5. Nbd2 O-O 6. a3 Be7 7. e3 h6 8. Bh4
Re8 9. Bd3 b6 10. O-O c5 11. Rc1 Ba6 12. Bb1 Qc7 13. Ne5 Nbd7 14. f4 cxd4 15.
cxd5 Qb7 16. dxe6 Bxf1 17. exf7+ Kf8 18. Nxd7+ Nxd7 19. Qxf1 Bxh4 20. Be4 1-0

[Event "DEM U10/U10w 2008"]
[Site "Willingen GER"]
[Date "2008.05.15"]
[Round "8"]
[White "von Ehr, Lukas"]
[Black "Petermann, Tessa"]
[Result "0-1"]
[Termination "normal"]
[Board "26"]
[WhiteElo "1190"]
[BlackElo "1124"]
[PlyCount "52"]
[BlackFideId "12929492"]
[EventCountry "GER"]
[EventRounds "11"]
[EventType "swiss"]
[EventDate "2008.05.10"]

1. e4 c5 2. d4 cxd4 3. c3 dxc3 4. Nxc3 Nc6 5. Nf3 d6 6. Bc4 e6 7. O-O a6 8. Qe2
g6 9. Rd1 Qc7 10. Bf4 Bg7 11. Bxd6 Qa5 12. Rac1 Nge7 13. a3 b5 14. Bb3 O-O 15.
e5 Bb7 16. Qd2 Rfd8 17. Qe3 Nf5 18. Qc5 Rac8 19. a4 Nxe5 20. Qa3 Nxf3+ 21. gxf3
Nxd6 22. Rxd6 b4 23. Rxd8+ Rxd8 24. Qa2 Qg5+ 25. Kf1 Qxc1+ 26. Nd1 Bxf3 0-1

[Event "DEM U10/U10w 2008"]
[Site "Willingen GER"]
[Date "2008.05.15"]
[Round "8"]
[White "Storch, Domenic"]
[Black "Hümmecke, Sarah"]
[Result "1-0"]
[Termination "normal"]
[Board "27"]
[WhiteElo "1338"]
[BlackElo "997"]
[PlyCount "79"]
[WhiteFideId "16200470"]
[EventCountry "GER"]
[EventRounds "11"]
[EventType "swiss"]
[EventDate "2008.05.10"]

1. d4 d5 2. c4 e5 3. dxe5 d4 4. Nf3 Nc6 5. g3 Be6 6. b3 Qd7 7. Bg2 O-O-O 8. O-O
Nge7 9. Nbd2 Ng6 10. Ng5 Ngxe5 11. Nxe6 Qxe6 12. a4 Be7 13. Nf3 Qg6 14. Nxe5
Nxe5 15. Bd2 Kb8 16. Qc1 d3 17. e3 Nd7 18. b4 c5 19. b5 Qe6 20. a5 Ne5 21. Ra4
Rd6 22. Qc3 Bf6 23. Qb3 h5 24. Qd1 g6 25. f4 Nd7 26. Qf3 Kc8 27. Qxb7+ Kd8 28.
Qxa7 Re8 29. b6 Ke7 30. h4 Rb8 31. Kh2 Kf8 32. Bh3 Qe7 33. Bxd7 Rxd7 34. Qxb8+
Kg7 35. a6 Kh6 36. a7 Bg7 37. a8=Q g5 38. fxg5+ Kg6 39. Qc6+ f6 40. Rxf6+ 1-0

[Event "DEM U10/U10w 2008"]
[Site "Willingen GER"]
[Date "2008.05.15"]
[Round "8"]
[White "Damm, Nils"]
[Black "Marach, Jonas"]
[Result "1-0"]
[Termination "normal"]
[Board "28"]
[WhiteElo "1109"]
[BlackElo "1000"]
[PlyCount "75"]
[WhiteFideId "24693065"]
[BlackFideId "1270493"]
[EventCountry "GER"]
[EventRounds "11"]
[EventType "swiss"]
[EventDate "2008.05.10"]

1. e4 e5 2. Nf3 Nc6 3. d4 exd4 4. Bc4 Nf6 5. e5 Bb4+ 6. c3 dxc3 7. bxc3 Qe7 8.
cxb4 Qxb4+ 9. Nbd2 Ne4 10. O-O Nxd2 11. Nxd2 Nxe5 12. Re1 Qc3 13. Rb1 O-O 14.
Bb2 Qa5 15. Rxe5 Qb6 16. Rg5 Qh6 17. Rxg7+ Qxg7 18. Bxg7 Kxg7 19. Qg4+ Kh8 20.
h3 d5 21. Qd4+ Kg8 22. Rb3 Re8 23. Rg3+ Kf8 24. Qxd5 Be6 25. Qc5+ Re7 26. Bxe6
fxe6 27. Rf3+ Ke8 28. Qh5+ Kd7 29. Qb5+ c6 30. Qxb7+ Kd6 31. Rd3+ Ke5 32. Qxe7
Kf5 33. Qxh7+ Kf6 34. Rf3+ Ke5 35. Qe4+ Kd6 36. Rd3+ Ke7 37. Qxc6 Rb8 38. Qd6+
1-0

[Event "DEM U10/U10w 2008"]
[Site "Willingen GER"]
[Date "2008.05.15"]
[Round "8"]
[White "Borrink, Guido"]
[Black "Brandl, Lea Maria"]
[Result "0-1"]
[Termination "normal"]
[Board "29"]
[WhiteElo "1098"]
[BlackElo "972"]
[PlyCount "92"]
[WhiteFideId "1270502"]
[BlackFideId "24693049"]
[EventCountry "GER"]
[EventRounds "11"]
[EventType "swiss"]
[EventDate "2008.05.10"]

1. d4 d5 2. c4 e6 3. Nc3 c6 4. Nf3 Nf6 5. Bg5 Nbd7 6. e3 Qa5 7. Nd2 Bb4 8. Rc1
Bxc3 9. Rxc3 Qxa2 10. Nb1 Qa5 11. Qd2 Ne4 12. Ra3 Qxa3 13. bxa3 Nxd2 14. Nxd2
O-O 15. Bd3 c5 16. Bc2 Nb6 17. cxd5 cxd4 18. d6 dxe3 19. fxe3 Bd7 20. Be7 Rfe8
21. Bh4 Nd5 22. Nc4 Rac8 23. Bd3 b5 24. Nb2 Rc1+ 25. Nd1 Nc3 26. Kd2 Rxd1+ 27.
Rxd1 Nxd1 28. Kxd1 f6 29. e4 e5 30. Bf2 a5 31. Be1 Re6 32. Bxa5 Rxd6 33. Kc2
Kf7 34. Bb4 Rc6+ 35. Kd2 Rc7 36. Bc2 Kg6 37. Bb3 Kg5 38. Ke2 Bg4+ 39. Kf2 Kf4
40. h4 Kxe4 41. Kg3 Bh5 42. Ba2 Kd4 43. Bb3 e4 44. Kf2 e3+ 45. Ke1 Rc1+ 46. Bd1
Rxd1# 0-1

[Event "DEM U10/U10w 2008"]
[Site "Willingen GER"]
[Date "2008.05.15"]
[Round "8"]
[White "Reksten, Lisa"]
[Black "Koch, Elisabeth"]
[Result "0-1"]
[Termination "normal"]
[Board "30"]
[WhiteElo "936"]
[BlackElo "1097"]
[PlyCount "66"]
[BlackFideId "24695068"]
[EventCountry "GER"]
[EventRounds "11"]
[EventType "swiss"]
[EventDate "2008.05.10"]

1. e4 e5 2. Bb5 Nf6 3. d3 Bc5 4. Nf3 c6 5. Ba4 d6 6. O-O Be6 7. Bg5 h6 8. Bh4
O-O 9. Nc3 Nbd7 10. Bb3 Qc7 11. h3 d5 12. Qe2 d4 13. Nd1 b5 14. c3 Qa5 15. Qc2
b4 16. Bxf6 Nxf6 17. Nxe5 bxc3 18. bxc3 dxc3 19. Qxc3 Bb4 20. Qc2 Qxe5 21. Ne3
Bxb3 22. axb3 Bc5 23. Ra5 Nd7 24. b4 Qc7 25. Rxc5 Nxc5 26. bxc5 Rab8 27. d4 Rb5
28. Nf5 Rfb8 29. Qa2 Rb2 30. Qa1 Re2 31. d5 f6 32. f3 Rbb2 33. Ne3 Qg3 0-1

[Event "DEM U10/U10w 2008"]
[Site "Willingen GER"]
[Date "2008.05.15"]
[Round "8"]
[White "Braun, Nicklas Stefan"]
[Black "Moses, Selina"]
[Result "1-0"]
[Termination "normal"]
[Board "31"]
[WhiteElo "1097"]
[BlackElo "954"]
[PlyCount "69"]
[BlackFideId "12908070"]
[EventCountry "GER"]
[EventRounds "11"]
[EventType "swiss"]
[EventDate "2008.05.10"]

1. e4 e5 2. Nf3 Nc6 3. Bc4 Bc5 4. d3 h6 5. c3 Nf6 6. O-O O-O 7. Re1 d5 8. exd5
Nxd5 9. Nxe5 Nxe5 10. Rxe5 c6 11. d4 Bd6 12. Rh5 Nf6 13. Rh4 Re8 14. Be3 c5 15.
Nd2 cxd4 16. Rxd4 Qc7 17. h3 Bh2+ 18. Kh1 Bf5 19. Qb3 Re7 20. Nf3 Bd6 21. Rad1
Rd8 22. Bf4 Ne8 23. Bxd6 Nxd6 24. Qa3 Red7 25. Bb3 Nb5 26. Rxd7 Bxd7 27. Qe7 a6
28. Ne5 b6 29. Rxd7 Rxd7 30. Nxd7 Qf4 31. Qf8+ Kh7 32. Qxf7 Qc1+ 33. Kh2 Qxb2
34. Nf6+ Kh8 35. Qg8# 1-0

[Event "DEM U10/U10w 2008"]
[Site "Willingen GER"]
[Date "2008.05.15"]
[Round "8"]
[White "Gerken, Frieso"]
[Black "Mann, Jonas"]
[Result "1-0"]
[Termination "normal"]
[Board "32"]
[WhiteElo "878"]
[BlackElo "1081"]
[PlyCount "67"]
[WhiteFideId "1270505"]
[BlackFideId "12900214"]
[EventCountry "GER"]
[EventRounds "11"]
[EventType "swiss"]
[EventDate "2008.05.10"]

1. e4 c5 2. Nc3 Nc6 3. g3 d6 4. Bg2 g6 5. d3 Bg7 6. f4 e6 7. Nf3 Nge7 8. O-O
O-O 9. g4 f5 10. exf5 exf5 11. g5 a6 12. Re1 b5 13. Be3 Nd4 14. Nxd4 cxd4 15.
Bxa8 dxe3 16. Qe2 Bd4 17. Nd1 Bd7 18. Bb7 Qb6 19. Bf3 Re8 20. c3 Bg7 21. Nxe3
Nc6 22. Kg2 Qa7 23. Rad1 Qb6 24. Qd2 Qa5 25. a3 Kh8 26. c4 b4 27. axb4 Nxb4 28.
Nc2 Rb8 29. Nxb4 Rxb4 30. Kg3 Qc5 31. Qe3 Bd4 32. Qe7 Bf2+ 33. Kh3 Bxe1 34.
Qf8# 1-0

[Event "DEM U10/U10w 2008"]
[Site "Willingen GER"]
[Date "2008.05.15"]
[Round "8"]
[White "Schwarz, Larissa"]
[Black "Weis, Olga"]
[Result "1/2-1/2"]
[Termination "normal"]
[Board "33"]
[WhiteElo "898"]
[BlackElo "1027"]
[PlyCount "62"]
[WhiteFideId "24699004"]
[BlackFideId "1270234"]
[EventCountry "GER"]
[EventRounds "11"]
[EventType "swiss"]
[EventDate "2008.05.10"]

1. d4 d5 2. c4 e6 3. Nc3 Nf6 4. Bg5 Be7 5. e3 Nbd7 6. Nf3 b6 7. Bd3 Bb7 8. O-O
O-O 9. Re1 c5 10. b4 Ne4 11. Bxe7 Qxe7 12. Qc2 f5 13. Nd2 Ndf6 14. f3 Nxc3 15.
Qxc3 Rae8 16. e4 fxe4 17. fxe4 dxe4 18. Nxe4 e5 19. dxe5 Qxe5 20. Nxf6+ Qxf6
21. Qxf6 Rxe1+ 22. Rxe1 Rxf6 23. Re7 Bc6 24. Rxa7 Rd6 25. Bf5 g6 26. Bh3 Rd1+
27. Kf2 Rd2+ 28. Kg1 Rd1+ 29. Kf2 Rd2+ 30. Kg3 Rd3+ 31. Kf2 Rd2+ 1/2-1/2

[Event "DEM U10/U10w 2008"]
[Site "Willingen GER"]
[Date "2008.05.15"]
[Round "8"]
[White "Hamacher, Emily"]
[Black "Böhm, Jana"]
[Result "1-0"]
[Termination "normal"]
[Board "34"]
[WhiteElo "847"]
[BlackElo "1023"]
[PlyCount "105"]
[BlackFideId "24661589"]
[EventCountry "GER"]
[EventRounds "11"]
[EventType "swiss"]
[EventDate "2008.05.10"]

1. e4 e5 2. Nf3 Nc6 3. Bc4 Bc5 4. O-O d6 5. h3 Be6 6. d3 Nf6 7. Nc3 h6 8. Be3
Bxc4 9. dxc4 Bxe3 10. fxe3 O-O 11. Nd5 Na5 12. b3 Nxe4 13. Qd3 Nf6 14. b4 Nc6
15. b5 Nb8 16. e4 Nbd7 17. Rad1 Nc5 18. Qe3 Ncxe4 19. Nc3 Ng3 20. Rfe1 Nf5 21.
Qf2 Qd7 22. Nxe5 Qc8 23. Ng4 Nxg4 24. hxg4 Ne7 25. Rxe7 Qxg4 26. Rxc7 Rac8 27.
Rxc8 Rxc8 28. Rd4 Qg6 29. Ne4 Rd8 30. c5 d5 31. c4 Qe6 32. Qd2 Rc8 33. cxd5 Qg6
34. d6 f5 35. d7 Rd8 36. Rd6 Qf7 37. Nc3 Qe7 38. c6 bxc6 39. bxc6 Rf8 40. d8=Q
Rxd8 41. Rxd8+ Kh7 42. Rd7 Qe5 43. Qd4 Qg3 44. Ne2 Qg5 45. Qf4 Qf6 46. Rd6 Qa1+
47. Kf2 Qxa2 48. Qxf5+ Kh8 49. Rd8+ Qg8 50. Rxg8+ Kxg8 51. c7 g6 52. Qd7 a6 53.
c8=R# 1-0

[Event "DEM U10/U10w 2008"]
[Site "Willingen GER"]
[Date "2008.05.15"]
[Round "8"]
[White "Schnepper, Pauline"]
[Black "Hösch, Peter"]
[Result "0-1"]
[Termination "normal"]
[Board "36"]
[WhiteElo "1145"]
[BlackElo "1340"]
[PlyCount "132"]
[WhiteFideId "12918040"]
[EventCountry "GER"]
[EventRounds "11"]
[EventType "swiss"]
[EventDate "2008.05.10"]

1. e4 d5 2. exd5 Nf6 3. Nc3 Nxd5 4. Bc4 e6 5. Qe2 Be7 6. d4 Nc6 7. Nf3 O-O 8.
O-O Bb4 9. Bd2 Bd7 10. Nxd5 Bxd2 11. Qxd2 exd5 12. Bxd5 Be8 13. c4 Rb8 14. Rfe1
Ne7 15. Re5 Nc6 16. Re3 b5 17. c5 Qxd5 18. b3 Bd7 19. Ree1 h6 20. h3 Bxh3 21.
Qf4 Be6 22. Qxc7 Nb4 23. Re5 Qd7 24. Qxd7 Bxd7 25. a3 Nc6 26. Re3 Rbe8 27. Rae1
Rxe3 28. Rxe3 Bg4 29. d5 Bxf3 30. gxf3 Nd4 31. a4 Rd8 32. d6 Nf5 33. Rd3 Nxd6
34. cxd6 bxa4 35. bxa4 h5 36. Kg2 g6 37. Kg3 Kg7 38. Kf4 Kf6 39. a5 Ke6 40. Kg5
Rxd6 41. Rxd6+ Kxd6 42. f4 Ke6 43. f3 f6+ 44. Kh4 Kf5 45. Kg3 h4+ 46. Kxh4 Kxf4
47. a6 Kxf3 48. Kh3 g5 49. Kh2 Kf2 50. Kh3 f5 51. Kh2 g4 52. Kh1 f4 53. Kh2 g3+
54. Kh3 g2 55. Kg4 g1=Q+ 56. Kxf4 Qe1 57. Kf5 Qe3 58. Kf6 Qe4 59. Kg7 Qe5+ 60.
Kf8 Kf3 61. Kf7 Kf4 62. Kg6 Qf5+ 63. Kg7 Kg5 64. Kh8 Qd7 65. Kg8 Kg6 66. Kf8
Qf7# 0-1

[Event "DEM U10/U10w 2008"]
[Site "Willingen GER"]
[Date "2008.05.15"]
[Round "8"]
[White "Schmekel, Florian"]
[Black "Hälterlein, Anna"]
[Result "1-0"]
[Termination "normal"]
[Board "37"]
[WhiteElo "1182"]
[BlackElo "841"]
[PlyCount "51"]
[WhiteFideId "12913456"]
[EventCountry "GER"]
[EventRounds "11"]
[EventType "swiss"]
[EventDate "2008.05.10"]

1. e4 e5 2. Nf3 Nc6 3. Bc4 Bc5 4. d3 h6 5. Nc3 Nf6 6. O-O d6 7. Be3 Bxe3 8.
fxe3 Bg4 9. h3 Bh5 10. Qe2 O-O 11. Qf2 Qd7 12. Qg3 Ne7 13. Nh4 Bg6 14. Nxg6
Nxg6 15. Qxg6 d5 16. Qg3 Qe6 17. exd5 Qd7 18. Rf2 Nh7 19. Raf1 Ng5 20. h4 Nh7
21. Qg4 Rad8 22. Ne4 Kh8 23. d6 cxd6 24. Rxf7 Rxf7 25. Rxf7 Qe8 26. Qxg7# 1-0